Antioxidant defence systems and drought tolerance in Hevea brasiliensis (Record no. 47302)

MARC details
000 -LEADER
fixed length control field 00820nam a2200289Ia 4500
100 ## - MAIN ENTRY--AUTHOR NAME
Personal name Sreelatha S
245 #0 - TITLE STATEMENT
Title Antioxidant defence systems and drought tolerance in Hevea brasiliensis
260 ## - PUBLICATION, DISTRIBUTION, ETC. (IMPRINT)
Name of publisher Indian Journal of Natural Rubber Research
Year of publication 2003
300 ## - PHYSICAL DESCRIPTION
Number of Pages 93-101
650 ## - SUBJECT ADDED ENTRY--TOPICAL TERM
Topical Term Active oxygen species
650 ## - SUBJECT ADDED ENTRY--TOPICAL TERM
Topical Term Active oxygen species
650 ## - SUBJECT ADDED ENTRY--TOPICAL TERM
Topical Term Antioxidants
650 ## - SUBJECT ADDED ENTRY--TOPICAL TERM
Topical Term Antioxidants
650 ## - SUBJECT ADDED ENTRY--TOPICAL TERM
Topical Term Drought tolerance
650 ## - SUBJECT ADDED ENTRY--TOPICAL TERM
Topical Term Drought tolerance
650 ## - SUBJECT ADDED ENTRY--TOPICAL TERM
Topical Term Environmental stress
650 ## - SUBJECT ADDED ENTRY--TOPICAL TERM
Topical Term Environmental stress
650 ## - SUBJECT ADDED ENTRY--TOPICAL TERM
Topical Term Hevea brasiliensis
650 ## - SUBJECT ADDED ENTRY--TOPICAL TERM
Topical Term Hevea brasiliensis
700 ## - ADDED ENTRY--PERSONAL NAME
Personal name Annamalainathan K
700 ## - ADDED ENTRY--PERSONAL NAME
Personal name Chandrasekhar T R
700 ## - ADDED ENTRY--PERSONAL NAME
Personal name Jacob J
700 ## - ADDED ENTRY--PERSONAL NAME
Personal name Prakash G
700 ## - ADDED ENTRY--PERSONAL NAME
Personal name Simon S P
942 ## - ADDED ENTRY ELEMENTS (KOHA)
Koha item type Articles
Holdings
Withdrawn status Lost status Damaged status Not for loan Home library Current library Shelving location Date acquired Serial Enumeration / chronology Koha item type
      Articles RRII Library RRII Library Physiology 20/12/2021 Volume 16, Issue 1&2 Articles